00444 2200169 4500001002100000005001500021035002000036245006700056100001700123250000600140300002900146260003500175082001400210084002000224020002200244990000800266INLIS00000000000021020190308125334 a0010-03190000271 aSerial Misteri :bMisteri Hantu Gentayangan /cIda Melani Furi0 aRasyid Akbar a1 a144 hlm :bIlus ;c20 cm aJakarta :bZikrul Hakim,c2010 a899.221'3 a899.221'3 RAS s a978-979-063-600-2 a605